00746nam a2200181 a 450000100100000000500170001000800410002704000250006808200150009324500740010825000110018226000430019330000210023670000580025795201130031595201190042899900170054700003649720200930075750.0120118s1981 cl ac 000 0 spa d aDO-SdBNPbspacBNPHU axxxxbV44700aVen y verás, 1o medio :bllamados a la conversión y fe en Cristo. a2a ed. aSantiago de Chile :bSalesiana,c1981. a152 p. ;c26 cm.12aCentro Estudios y Experienciaas Catequística962739 001050718MOaGRbGRcCTd2012-01-18iLF1l0oxxxx V447p36498-10r2020-06-25w2020-06-25y1ZNo se presta 001050718MOaGRbGRcCTd2012-04-16iLF1l0oxxxx V447p36498-20r2020-06-25te. 2w2020-06-25y1ZNo se presta c35988d35988